[Event "CHI-chT"]
[Site "Chile"]
[Date "2010.12.07"]
[Round "8"]
[White "Larrain Cortes, Cristian"]
[Black "Quinones Mena, Jeannette"]
[Result "1-0"]
[WhiteElo "2163"]
[BlackElo "1954"]
[PlyCount "57"]
[EventDate "2010.10.19"]
[EventType "team"]
[EventRounds "9"]
[EventCountry "CHI"]
[SourceTitle "EXT 2012"]
[Source "ChessBase"]
[SourceDate "2011.11.24"]
[SourceVersion "1"]
[SourceVersionDate "2011.11.24"]
[SourceQuality "1"]

1. e4 e5 2. Nf3 Nc6 3. Bb5 a6 4. Bxc6 dxc6 5. d4 exd4 6. Qxd4 Qxd4 7. Nxd4 Bd7 8. Be3 0-0-0 9. Nd2 c5 10. Ne2 Bc6 11. f3 Ne7 12. Bxc5 b6 13. Be3 f5 14. Nd4 Bd7 15. 0-0-0 h6 16. Nc4 fxe4 17. fxe4 Nc6 18. Nxc6 Bxc6 19. Rxd8+ Kxd8 20. Ne5 Be8 21. Rf1 Ke7 22. Bd4 Ke6 23. Nd3 Rg8 24. Nf4+ Kd7 25. Rd1 g5 26. Nd5 Be7 27. Bf6 Bd6 28. e5 Bxe5 29. Bxe5 1-0

[Event "Santiago Endesa Classification"]
[Site "Santiago de Chile"]
[Date "2010.10.15"]
[Round "4"]
[White "Quinones Mena, Jeannette"]
[Black "Caceres Vasquez, Sergio"]
[Result "0-1"]
[WhiteElo "1954"]
[BlackElo "2176"]
[PlyCount "116"]
[EventDate "2010.10.06"]
[EventType "swiss"]
[EventRounds "9"]
[EventCountry "CHI"]
[SourceTitle "EXT 2012"]
[Source "ChessBase"]
[SourceDate "2011.11.24"]
[SourceVersion "1"]
[SourceVersionDate "2011.11.24"]
[SourceQuality "1"]

1. e4 c5 2. Nf3 e6 3. d4 cxd4 4. Nxd4 Nc6 5. Nb5 d6 6. Bf4 e5 7. Be3 a6 8. N5c3 Nf6 9. Bg5 Be7 10. Bxf6 Bxf6 11. Nd5 Bg5 12. Nbc3 0-0 13. Bd3 Ne7 14. 0-0 Nxd5 15. Nxd5 Be6 16. Bc4 Rc8 17. Bb3 Kh8 18. Qe2 f5 19. exf5 Bxf5 20. Rad1 Qe8 21. Ne3 Bxe3 22. Qxe3 Qg6 23. c3 Be4 24. f3 Bc6 25. Rd2 Rf6 26. Bd5 Rcf8 27. Bxc6 bxc6 28. Rdf2 Qf7 29. b3 Qc7 30. c4 d5 31. cxd5 cxd5 32. Rc1 Qd6 33. Rfc2 d4 34. Qd3 h6 35. Rc4 Qb6 36. b4 a5 37. a3 axb4 38. axb4 Qb7 39. h3 Rb6 40. Rc7 Qd5 41. R7c5 Qd6 42. b5 Qf6 43. Qe4 Re8 44. Rc6 Rxc6 45. Rxc6 Qd8 46. Rc5 d3 47. Rc1 Qb6+ 48. Kh1 Qxb5 49. Rd1 Rd8 50. f4 Qb3 51. Rd2 Qc3 52. Qe3 e4 53. f5 Qd4 54. Qg3 e3 55. f6 gxf6 56. Rd1 e2 57. Rd2 Qa1+ 58. Kh2 e1Q 0-1

[Event "Santiago Endesa Classification"]
[Site "Santiago de Chile"]
[Date "2010.10.06"]
[Round "1"]
[White "Quinones Mena, Jeannette"]
[Black "Henriquez Villagra, Cristobal"]
[Result "1-0"]
[WhiteElo "1954"]
[BlackElo "2202"]
[PlyCount "55"]
[EventDate "2010.10.06"]
[EventType "swiss"]
[EventRounds "9"]
[EventCountry "CHI"]
[SourceTitle "EXT 2012"]
[Source "ChessBase"]
[SourceDate "2011.11.24"]
[SourceVersion "1"]
[SourceVersionDate "2011.11.24"]
[SourceQuality "1"]

1. e4 c5 2. Nf3 d6 3. d4 cxd4 4. Nxd4 Nf6 5. Nc3 a6 6. Bg5 e6 7. f4 Qb6 8. Qd2 Qxb2 9. Rb1 Qa3 10. f5 Nc6 11. fxe6 fxe6 12. Nxc6 bxc6 13. e5 dxe5 14. Bxf6 gxf6 15. Be2 h5 16. Rd1 Be7 17. 0-0 f5 18. Kh1 Ra7 19. Bf3 e4 20. Nxe4 fxe4 21. Bxe4 Bd7 22. Qd4 Rf8 23. Bg6+ Kd8 24. Rxf8+ Bxf8 25. Qxa7 Bd6 26. Qa8+ Kc7 27. Rb1 Bc8 28. Be8 1-0

[Event "Santiago Endesa 06"]
[Site "Santiago de Chile"]
[Date "2010.06.09"]
[Round "2"]
[White "Ulloa Bustos, Juan"]
[Black "Quinones Mena, Jeannette"]
[Result "1-0"]
[WhiteElo "1999"]
[BlackElo "2008"]
[PlyCount "117"]
[EventDate "2010.06.07"]
[EventType "tourn"]
[EventRounds "11"]
[EventCountry "CHI"]
[SourceTitle "EXT 2012"]
[Source "ChessBase"]
[SourceDate "2011.11.24"]
[SourceVersion "1"]
[SourceVersionDate "2011.11.24"]
[SourceQuality "1"]

1. d4 Nf6 2. Nf3 g6 3. c4 Bg7 4. Nc3 0-0 5. e4 d6 6. h3 Nbd7 7. Be3 c6 8. Qd2 e5 9. Rd1 Re8 10. dxe5 dxe5 11. Be2 Qa5 12. 0-0 Nc5 13. a3 Ne6 14. Qc1 Nh5 15. g3 Nd4 16. Kh2 Nxe2 17. Nxe2 f5 18. exf5 gxf5 19. b4 Qc7 20. Bc5 Qf7 21. Ng5 Qg6 22. Rd6 Be6 23. Nxe6 Rxe6 24. Rfd1 b6 25. Rd8+ Rxd8 26. Rxd8+ Re8 27. Rxe8+ Qxe8 28. Be3 f4 29. gxf4 exf4 30. Nxf4 Be5 31. Qg1+ Kh8 32. Qg5 Qb8 33. Qxh5 Bxf4+ 34. Kg2 Bxe3 35. fxe3 Qg8+ 36. Qg4 Qe8 37. Qd4+ Kg8 38. c5 b5 39. Qg4+ Kh8 40. Kf3 Qf7+ 41. Kg3 Qb3 42. Qc8+ Kg7 43. Qc7+ Kh8 44. Qc8+ Kg7 45. Qxc6 Qxe3+ 46. Qf3 Qe1+ 47. Kf4 Qc1+ 48. Ke5 Qg5+ 49. Qf5 Qe3+ 50. Kd6 Qxa3 51. Qg4+ Kf8 52. c6 Qd3+ 53. Kc7 Qe3 54. Qf5+ Kg7 55. Qd7+ Kg6 56. Qd6+ Kg7 57. Kd8 Kf7 58. Qd7+ Kg6 59. Qe8+ 1-0

[Event "Santiago Endesa 04"]
[Site "Santiago de Chile"]
[Date "2010.05.17"]
[Round "7"]
[White "Moya Esparza, Ignacio"]
[Black "Quinones Mena, Jeannette"]
[Result "0-1"]
[WhiteElo "1997"]
[BlackElo "2008"]
[PlyCount "74"]
[EventDate "2010.05.03"]
[EventType "tourn"]
[EventRounds "11"]
[EventCountry "CHI"]
[SourceTitle "EXT 2012"]
[Source "ChessBase"]
[SourceDate "2011.11.24"]
[SourceVersion "1"]
[SourceVersionDate "2011.11.24"]
[SourceQuality "1"]

1. d4 Nf6 2. c4 g6 3. Nc3 Bg7 4. Nf3 0-0 5. e4 d6 6. Bd3 e5 7. Be3 exd4 8. Nxd4 c6 9. f3 d5 10. exd5 Re8 11. Qd2 Ng4 12. Nc2 Nxe3 13. Nxe3 Qg5 14. Ne4 Qe7 15. d6 Qe5 16. Ng4 Bxg4 17. fxg4 f5 18. gxf5 gxf5 19. 0-0-0 fxe4 20. Bxe4 Nd7 21. Rde1 Qh5 22. Kb1 Re5 23. g4 Qh4 24. Bf5 Rd8 25. Rxe5 Nxe5 26. Rf1 Kh8 27. d7 Qf6 28. Re1 Qe7 29. Re4 Qf7 30. Qg5 Bf6 31. Qf4 Nxd7 32. Be6 Qg6 33. Bf5 Bg5 34. Qc7 Qg7 35. Bxd7 Qxd7 36. Qe5+ Qg7 37. Qf5 Rd1+ 0-1

[Event "Santiago Endesa 04"]
[Site "Santiago de Chile"]
[Date "2010.05.10"]
[Round "4"]
[White "Escalona Riveros, Felipe"]
[Black "Quinones Mena, Jeannette"]
[Result "1/2-1/2"]
[WhiteElo "1732"]
[BlackElo "2008"]
[PlyCount "78"]
[EventDate "2010.05.03"]
[EventType "tourn"]
[EventRounds "11"]
[EventCountry "CHI"]
[SourceTitle "EXT 2012"]
[Source "ChessBase"]
[SourceDate "2011.11.24"]
[SourceVersion "1"]
[SourceVersionDate "2011.11.24"]
[SourceQuality "1"]

1. d4 Nf6 2. c4 g6 3. Nc3 Bg7 4. e4 d6 5. Nf3 0-0 6. Be2 e5 7. 0-0 Nc6 8. d5 Ne7 9. Ne1 Nd7 10. Be3 f5 11. f3 Kh8 12. b4 Nf6 13. Nd3 Neg8 14. c5 Bh6 15. Bf2 Nh5 16. Qe1 Nf4 17. Bg3 Nxd3 18. Bxd3 Nf6 19. f4 fxe4 20. Bxe4 Nxe4 21. Qxe4 exf4 22. Bxf4 Bg7 23. Rac1 Bf5 24. Qc4 Qf6 25. Ne2 g5 26. Bd2 Qg6 27. Bc3 Be5 28. Rcd1 Qg7 29. Nd4 Bg4 30. Rde1 Rxf1+ 31. Rxf1 Re8 32. h3 Bc8 33. Re1 g4 34. hxg4 Qxg4 35. Qd3 Rg8 36. Qd2 Qg3 37. Nf3 Bxc3 38. Qxc3+ Qg7 39. Qxg7+ Rxg7 1/2-1/2

[Event "Asuncion zt 2.5 (Women)"]
[Site "Asuncion"]
[Date "2009.06.18"]
[Round "11"]
[White "Quinones Mena, Jeannette"]
[Black "Nejanky, Maisa"]
[Result "0-1"]
[WhiteElo "2020"]
[BlackElo "2100"]
[PlyCount "70"]
[EventDate "2009.06.10"]
[EventType "tourn"]
[EventRounds "11"]
[EventCountry "PAR"]
[SourceTitle "CBM 130 Extra"]
[Source "ChessBase"]
[SourceDate "2009.07.02"]
[SourceVersion "2"]
[SourceVersionDate "2009.07.15"]
[SourceQuality "1"]

1. d4 Nf6 2. c4 c5 3. d5 b5 4. cxb5 a6 5. bxa6 g6 6. b3 Bg7 7. Bb2 Bxa6 8. Nf3 d6 9. g3 Nbd7 10. Bg2 0-0 11. 0-0 Nb6 12. Nc3 Nfxd5 13. Nxd5 Bxb2 14. Rb1 Bg7 15. Re1 Bb7 16. e4 Rxa2 17. Nd2 Bd4 18. Rc1 Nd7 19. Rc2 Ra7 20. Nf3 Bg7 21. Qd2 Ne5 22. Ra2 Rxa2 23. Qxa2 e6 24. Nxe5 exd5 25. Qa7 Qa8 26. Qxa8 Rxa8 27. Nd3 dxe4 28. Bxe4 Bxe4 29. Rxe4 Rb8 30. b4 d5 31. Re1 c4 32. Nc5 Bc3 33. Rd1 d4 34. Ne4 Bb2 35. Nd6 c3 0-1

[Event "Asuncion zt 2.5 (Women)"]
[Site "Asuncion"]
[Date "2009.06.16"]
[Round "9"]
[White "Quinones Mena, Jeannette"]
[Black "Avalos, Leticia"]
[Result "1/2-1/2"]
[WhiteElo "2020"]
[BlackElo "1670"]
[PlyCount "101"]
[EventDate "2009.06.10"]
[EventType "tourn"]
[EventRounds "11"]
[EventCountry "PAR"]
[SourceTitle "CBM 130 Extra"]
[Source "ChessBase"]
[SourceDate "2009.07.02"]
[SourceVersion "2"]
[SourceVersionDate "2009.07.15"]
[SourceQuality "1"]

1. d4 Nf6 2. c4 Nc6 3. Nf3 e6 4. Nc3 d5 5. e3 Be7 6. b3 0-0 7. Bb2 b6 8. cxd5 Nxd5 9. Be2 Bb4 10. Qc2 Bb7 11. 0-0 Nxc3 12. Bxc3 Rc8 13. Bb2 Ne7 14. Bd3 Ng6 15. Be4 Bd5 16. Bxd5 Qxd5 17. Rfd1 Qh5 18. Qc6 Bd6 19. Rac1 Ne7 20. Qa4 g5 21. g3 Qxf3 22. d5 e5 23. Ba3 a5 24. Bxd6 cxd6 25. Qd7 Rxc1 26. Rxc1 Qf6 27. e4 Ng6 28. Rc6 Rd8 29. Qc7 Qe7 30. Qxb6 a4 31. bxa4 Rd7 32. Qb4 Rb7 33. Rb6 Rc7 34. a5 Rc1+ 35. Kg2 Qd7 36. Kf3 f5 37. Ke3 fxe4 38. Rxd6 Qf7 39. Kxe4 Rf1 40. Rd8+ Nf8 41. Qd6 Re1+ 42. Kd3 Qf3+ 43. Kc4 Qe2+ 44. Kc5 Qxf2+ 45. Kc6 Rc1+ 46. Kb7 Rb1+ 47. Ka8 Rf1 48. Qxe5 Qc5 49. Qxg5+ Kh8 50. Qe5+ Kg8 51. Qg5+ 1/2-1/2

[Event "Asuncion zt 2.5 (Women)"]
[Site "Asuncion"]
[Date "2009.06.12"]
[Round "3"]
[White "Vargas, Gabriela"]
[Black "Quinones Mena, Jeannette"]
[Result "1-0"]
[WhiteElo "2090"]
[BlackElo "2020"]
[PlyCount "79"]
[EventDate "2009.06.10"]
[EventType "tourn"]
[EventRounds "11"]
[EventCountry "PAR"]
[SourceTitle "CBM 130 Extra"]
[Source "ChessBase"]
[SourceDate "2009.07.02"]
[SourceVersion "2"]
[SourceVersionDate "2009.07.15"]
[SourceQuality "1"]

1. d4 Nf6 2. c4 g6 3. Nc3 Bg7 4. e4 d6 5. f3 0-0 6. Be3 Nc6 7. Nge2 Rb8 8. Qd2 a6 9. Nc1 e5 10. d5 Nd4 11. Nb3 c5 12. dxc6 bxc6 13. Nxd4 exd4 14. Bxd4 d5 15. e5 Nd7 16. f4 c5 17. Bf2 d4 18. Ne4 f6 19. e6 Re8 20. Bd3 Nf8 21. 0-0 Nxe6 22. f5 gxf5 23. Ng3 Nf8 24. Nxf5 Bxf5 25. Bxf5 Qb6 26. Rab1 Qb4 27. Qxb4 Rxb4 28. a3 Rb3 29. Bc2 Rb7 30. b4 Re2 31. Bd3 Rd2 32. Be4 Rc7 33. Bg3 Re7 34. Bd5+ Kh8 35. bxc5 h5 36. Rb8 Rde2 37. c6 d3 38. c7 d2 39. c8Q Bh6 40. Qf5 1-0

[Event "Santiago Endesa 08"]
[Site "Santiago de Chile"]
[Date "2009.05.29"]
[Round "7"]
[White "Arancibia Moreno, Rodrigo"]
[Black "Quinones Mena, Jeannette"]
[Result "0-1"]
[WhiteElo "2408"]
[BlackElo "2020"]
[PlyCount "42"]
[EventDate "2009.05.13"]
[EventType "tourn"]
[EventRounds "11"]
[EventCountry "CHI"]
[SourceTitle "EXT 2012"]
[Source "ChessBase"]
[SourceDate "2011.11.24"]
[SourceVersion "1"]
[SourceVersionDate "2011.11.24"]
[SourceQuality "1"]

1. e4 e5 2. Nf3 Nc6 3. d4 exd4 4. Nxd4 Nf6 5. Bg5 h6 6. Nxc6 bxc6 7. Bh4 g5 8. Bg3 Nxe4 9. Qe2 Qe7 10. Bxc7 d5 11. f3 Bg7 12. c3 Qxc7 13. fxe4 0-0 14. exd5 Bf5 15. Qf3 Qe5+ 16. Be2 Rae8 17. Kd2 g4 18. Qf2 Qxd5+ 19. Kc1 h5 20. Rd1 Bh6+ 21. Nd2 Qe4 0-1

[Event "Santiago Endesa op 1st"]
[Site "Santiago de Chile"]
[Date "2009.04.30"]
[Round "4"]
[White "Tobosque Romero, Marco Antonio"]
[Black "Quinones Mena, Jeannette"]
[Result "0-1"]
[WhiteElo "1649"]
[BlackElo "2020"]
[PlyCount "104"]
[EventDate "2009.04.21"]
[EventType "swiss"]
[EventRounds "9"]
[EventCountry "CHI"]
[SourceTitle "EXT 2012"]
[Source "ChessBase"]
[SourceDate "2011.11.24"]
[SourceVersion "1"]
[SourceVersionDate "2011.11.24"]
[SourceQuality "1"]

1. d4 Nf6 2. c4 g6 3. Nc3 Bg7 4. e4 d6 5. Be2 0-0 6. Nf3 e5 7. dxe5 dxe5 8. Qxd8 Rxd8 9. Bg5 Re8 10. Nd5 Nxd5 11. cxd5 c6 12. d6 Be6 13. Nd2 Nd7 14. 0-0-0 h6 15. Bh4 g5 16. Bg3 Nb6 17. Nb3 Bxb3 18. axb3 Nd7 19. f3 Rad8 20. Bf2 Nb6 21. h4 Bf8 22. hxg5 hxg5 23. Rh5 f6 24. Bxb6 axb6 25. Bc4+ Kg7 26. Rdh1 Kg6 27. Rh7 Bg7 28. f4 exf4 29. Bd3 Re5 30. R7h3 b5 31. Be2 Kf7 32. Rd3 Rxe4 33. Bh5+ Kf8 34. Bg6 Re5 35. d7 f5 36. Be8 Re2 37. Rd6 Rxg2 38. Rg6 f3 39. Rf1 f2 40. Kc2 Bd4 41. Kd3 c5 42. Ke2 g4 43. Rg5 g3 44. Rxf5+ Ke7 45. Rf7+ Kd6 46. b4 cxb4 47. Rd1 Kc5 48. Rf5+ Kc4 49. Rf4 f1Q+ 50. Kxf1 Rg1+ 51. Ke2 Rxd1 52. Kxd1 g2 0-1

[Event "Santiago Endesa 05"]
[Site "Santiago de Chile"]
[Date "2009.03.20"]
[Round "3"]
[White "Amaro, Hanssel"]
[Black "Quinones Mena, Jeannette"]
[Result "0-1"]
[WhiteElo "2072"]
[BlackElo "2020"]
[PlyCount "98"]
[EventDate "2009.03.16"]
[EventType "tourn"]
[EventRounds "10"]
[EventCountry "CHI"]
[SourceTitle "EXT 2012"]
[Source "ChessBase"]
[SourceDate "2011.11.24"]
[SourceVersion "1"]
[SourceVersionDate "2011.11.24"]
[SourceQuality "1"]

1. e4 e5 2. Nf3 Nc6 3. Bc4 Nf6 4. d4 exd4 5. 0-0 Nxe4 6. Nxd4 d5 7. Nxc6 bxc6 8. Bd3 Nf6 9. Bg5 Be7 10. Nd2 0-0 11. Re1 Bg4 12. Nf3 Ne4 13. Bf4 Ng5 14. Bxg5 Bxg5 15. h3 Bxf3 16. Qxf3 Bf6 17. Rab1 Qd6 18. Qe3 g6 19. b3 a5 20. c4 a4 21. cxd5 cxd5 22. Rec1 axb3 23. axb3 c6 24. b4 Ra3 25. Qe2 Rfa8 26. b5 c5 27. b6 Rb8 28. b7 Ra7 29. Rb5 c4 30. Bxc4 dxc4 31. Qxc4 Kg7 32. Rcb1 Qd7 33. Qe4 Ra1 34. g4 Rxb1+ 35. Rxb1 Qe7 36. Qc6 Be5 37. Kg2 Qf6 38. Qd5 Qf4 39. Rb5 Qh2+ 40. Kf1 Qxh3+ 41. Ke2 Qxg4+ 42. Kd3 Bf6 43. Kc2 Qe2+ 44. Kb1 Qxf2 45. Qc6 h5 46. Rb6 Qf5+ 47. Ka2 Qe6+ 48. Qxe6 fxe6 49. Kb3 h4 0-1

[Event "Santiago Endesa 14"]
[Site "Santiago de Chile"]
[Date "2007.10.18"]
[Round "1"]
[White "Carmona Rosales, Jose Luis"]
[Black "Quinones Mena, Jeannette"]
[Result "1-0"]
[WhiteElo "2191"]
[BlackElo "2020"]
[PlyCount "57"]
[EventDate "2007.10.18"]
[EventType "tourn"]
[EventRounds "9"]
[EventCountry "CHI"]
[SourceTitle "EXT 2012"]
[Source "ChessBase"]
[SourceDate "2011.11.24"]
[SourceVersion "1"]
[SourceVersionDate "2011.11.24"]
[SourceQuality "1"]

1. c4 Nf6 2. Nc3 g6 3. e4 d6 4. d4 Bg7 5. f4 0-0 6. Be2 c5 7. d5 e6 8. Nf3 exd5 9. cxd5 b5 10. e5 dxe5 11. fxe5 Ng4 12. Bf4 Nd7 13. Bxb5 Ngxe5 14. 0-0 Qb6 15. Bxd7 Nxd7 16. Qd2 Ba6 17. Rfd1 Rfe8 18. Rac1 Qb4 19. Kh1 Rac8 20. Re1 Nb6 21. d6 Red8 22. Re7 Bf6 23. Rxa7 Nc4 24. Qd5 Rf8 25. Rxa6 Nxb2 26. Ne4 Bg7 27. d7 Rcd8 28. Bg5 Qb5 29. Rd6 1-0

[Event "Santiago Endesa 08"]
[Site "Santiago de Chile"]
[Date "2007.07.??"]
[Round "6"]
[White "Diaz, Robert"]
[Black "Quinones Mena, Jeannette"]
[Result "1-0"]
[WhiteElo "2319"]
[BlackElo "2056"]
[PlyCount "45"]
[EventDate "2007.07.??"]
[EventType "tourn"]
[EventRounds "11"]
[EventCountry "CHI"]
[SourceTitle "EXT 2008"]
[Source "ChessBase"]
[SourceDate "2007.11.25"]
[SourceVersion "1"]
[SourceVersionDate "2007.11.25"]
[SourceQuality "1"]

1. e4 e5 2. Nf3 Nc6 3. Bc4 Nf6 4. d3 h6 5. 0-0 g6 6. d4 d6 7. dxe5 dxe5 8. Qxd8+ Nxd8 9. Nxe5 Bc5 10. Nd3 Bb6 11. e5 Nd7 12. Nc3 0-0 13. Bxh6 Re8 14. Nd5 Nc6 15. Rfe1 Na5 16. Bb3 c6 17. Nxb6 Nxb6 18. Bd2 Nac4 19. Bc3 a5 20. a4 Re7 21. Nc5 Be6 22. g4 Bxg4 23. Bxc4 1-0

[Event "Santiago Endesa 08"]
[Site "Santiago de Chile"]
[Date "2007.07.??"]
[Round "4"]
[White "Quinones Mena, Jeannette"]
[Black "Valenzuela Fuentealba, Luis"]
[Result "0-1"]
[WhiteElo "2056"]
[BlackElo "2434"]
[PlyCount "50"]
[EventDate "2007.07.??"]
[EventType "tourn"]
[EventRounds "11"]
[EventCountry "CHI"]
[SourceTitle "EXT 2008"]
[Source "ChessBase"]
[SourceDate "2007.11.25"]
[SourceVersion "1"]
[SourceVersionDate "2007.11.25"]
[SourceQuality "1"]

1. e4 c5 2. Nf3 d6 3. d4 cxd4 4. Nxd4 Nf6 5. Nc3 a6 6. Bc4 e6 7. Bb3 b5 8. 0-0 Be7 9. f4 Bb7 10. Re1 b4 11. Na4 Nc6 12. c3 a5 13. f5 Nxd4 14. Qxd4 e5 15. Qd3 0-0 16. Bg5 Ng4 17. Qh3 Bxg5 18. Qxg4 Bc6 19. Rad1 Bf6 20. Qe2 Qc7 21. Qe3 Rab8 22. Re2 h6 23. g3 Bg5 24. Qf3 Qd7 25. h4 Bf6 0-1